[Event "38th ECC Open 2023"]
[Site "Durres ALB"]
[Date "2023.10.02"]
[Round "2.13"]
[Board "3"]
[White "Ahmadzada, Ahmad"]
[Black "Nikolovski, Nikola"]
[Result "1-0"]
[WhiteTitle "IM"]
[BlackTitle "IM"]
[WhiteElo "2494"]
[BlackElo "2382"]
[WhiteTeam "Vugar Gashimov"]
[BlackTeam "Gambit Asseco-SEE"]
[WhiteFideId "13413007"]
[BlackFideId "15002314"]
[EventDate "2023.10.01"]

1. e4 e6 2. d4 d5 3. Nd2 Nf6 4. e5 Nfd7 5. Bd3 c5 6. c3 Nc6 7. Ne2 cxd4 8. cxd4
f6 9. exf6 Nxf6 10. Nf3 Bd6 11. O-O Qc7 12. Nc3 a6 13. Re1 O-O 14. h3 Bd7 15.
Bd2 Rae8 16. Rc1 Qb6 17. Na4 Qa7 18. Be3 Re7 19. Ne5 Qb8 20. f4 Be8 21. Nc5 Nh5
22. Qg4 Nf6 23. Qh4 Nb4 24. Bb1 b6 25. Nb3 Rc7 26. Nd2 Nc6 27. Ndf3 h6 28. f5
exf5 29. Bxf5 Nd8 30. Bxh6 gxh6 31. Qxh6 Bb4 32. Rf1 b5 33. a3 Ba5 34. Nh4 Bb6
35. Nhg6 Bxd4+ 36. Kh1 Bxg6 37. Nxg6 Nh7 38. Ne7+ Rxe7 39. Bxh7+ Rxh7 40. Qxf8# 1-0

[Event "38th ECC Open 2023"]
[Site "Durres ALB"]
[Date "2023.10.02"]
[Round "2.13"]
[Board "4"]
[White "Veljanoski, Andrej"]
[Black "Samadov, Read"]
[Result "0-1"]
[WhiteTitle "FM"]
[BlackTitle "IM"]
[WhiteElo "2261"]
[BlackElo "2492"]
[WhiteTeam "Gambit Asseco-SEE"]
[BlackTeam "Vugar Gashimov"]
[WhiteFideId "15003604"]
[BlackFideId "13417444"]
[EventDate "2023.10.01"]

1. e4 c5 2. Nf3 d6 3. d4 cxd4 4. Nxd4 Nf6 5. Nc3 a6 6. Be3 e5 7. Nb3 Be7 8. f3
Be6 9. g4 d5 10. exd5 Nxd5 11. Nxd5 Bh4+ 12. Kd2 Bxd5 13. Bd3 e4 14. fxe4 Bxe4
15. Qe2 O-O 16. Rhf1 Nc6 17. Rad1 Nb4 18. Kc1 Bxd3 19. cxd3 Re8 20. Rf3 Nd5 21.
Nd2 Bg5 22. Ne4 Nxe3 23. Rxe3 Rxe4 24. dxe4 Bxe3+ 25. Qxe3 Rc8+ 0-1

[Event "38th ECC Open 2023"]
[Site "Durres ALB"]
[Date "2023.10.02"]
[Round "2.13"]
[Board "5"]
[White "Gadimbayli, Abdulla"]
[Black "Zlatkov, Anton"]
[Result "1-0"]
[WhiteTitle "GM"]
[WhiteElo "2492"]
[BlackElo "2198"]
[WhiteTeam "Vugar Gashimov"]
[BlackTeam "Gambit Asseco-SEE"]
[WhiteFideId "13404938"]
[BlackFideId "15005402"]
[EventDate "2023.10.01"]

1. e4 c5 2. Nf3 e6 3. d4 cxd4 4. Nxd4 Nc6 5. Nc3 Qc7 6. Be2 a6 7. Nxc6 bxc6 8.
Qd3 d5 9. Qg3 Qxg3 10. hxg3 Nf6 11. g4 Nxe4 12. Nxe4 dxe4 13. g5 Bb7 14. Be3
O-O-O 15. Bc4 c5 16. Ke2 a5 17. Rh4 Bd5 18. Bb5 Be7 19. c4 Bb7 20. Rah1 h6 21.
Rh5 Rhg8 22. gxh6 gxh6 23. Rxh6 Bg5 24. Bxg5 Rxg5 25. R1h5 Rxg2 26. Rxc5+ Kb8
27. Rf6 Rg1 28. Ba4 Rb1 29. Rb5 Rd7 30. Bc2 Ra1 31. Bxe4 Rxa2 32. c5 Ra4 33. Bc6
Rc7 34. Rxb7+ 1-0

[Event "38th ECC Open 2023"]
[Site "Durres ALB"]
[Date "2023.10.02"]
[Round "2.13"]
[Board "6"]
[White "Andonovski, Ljubisa"]
[Black "Sadikhov, Ulvi"]
[Result "0-1"]
[WhiteTitle "FM"]
[BlackTitle "GM"]
[WhiteElo "2268"]
[BlackElo "2492"]
[WhiteTeam "Gambit Asseco-SEE"]
[BlackTeam "Vugar Gashimov"]
[WhiteFideId "15000427"]
[BlackFideId "13401416"]
[EventDate "2023.10.01"]

1. d4 Nf6 2. c4 d6 3. Nf3 g6 4. Nc3 Bg7 5. e4 O-O 6. Be2 Na6 7. O-O e5 8. Be3
Ng4 9. Bg5 f6 10. Bh4 Nh6 11. dxe5 dxe5 12. a3 c6 13. Qc2 Nf7 14. Rfd1 Qe7 15.
b4 Nc7 16. c5 Ne6 17. Bc4 Kh8 18. Ne2 Nfg5 19. Bxg5 fxg5 20. Rd6 g4 21. Nd2 a5
22. Rf1 axb4 23. axb4 Nf4 24. Nb3 Ra4 25. b5 cxb5 26. Bxb5 Rb4 27. Bc4 b5 28.
Bd5 Nxd5 29. exd5 e4 30. Na5 Rb2 31. Qd1 e3 32. Nc6 exf2+ 0-1

[Event "38th ECC Open 2023"]
[Site "Durres ALB"]
[Date "2023.10.01"]
[Round "1.30"]
[Board "1"]
[White "Byklum, Bjornar"]
[Black "Baskin, Robert"]
[Result "1/2-1/2"]
[WhiteTitle "FM"]
[BlackTitle "IM"]
[WhiteElo "2307"]
[BlackElo "2451"]
[WhiteTeam "SOSS"]
[BlackTeam "CE Gambit Bonnevoie"]
[WhiteFideId "1502123"]
[BlackFideId "24662402"]
[EventDate "2023.10.01"]

1. d4 d5 2. c4 c6 3. Nf3 Nf6 4. g3 Bf5 5. Nc3 e6 6. Qb3 Qb6 7. c5 Qxb3 8. axb3
Na6 9. Ra4 Nd7 10. e4 Bxe4 11. Nxe4 dxe4 12. Bxa6 bxa6 13. Nd2 f5 14. b4 e5 15.
Nb3 g6 16. Ke2 Bg7 17. Rd1 O-O 18. d5 cxd5 19. Rxd5 Nb8 20. Na5 Rc8 21. Bd2 Nc6
22. Nxc6 Rxc6 23. Bc3 Rb8 24. Rd7 Ra8 25. Rd5 Rb8 26. Rd7 Ra8 27. Rd5 1/2-1/2

[Event "38th ECC Open 2023"]
[Site "Durres ALB"]
[Date "2023.10.03"]
[Round "3.1"]
[Board "1"]
[White "Rapport, Richard"]
[Black "Mamedov, Rauf"]
[Result "1/2-1/2"]
[WhiteTitle "GM"]
[BlackTitle "GM"]
[WhiteElo "2752"]
[BlackElo "2640"]
[WhiteTeam "Superchess"]
[BlackTeam "Vugar Gashimov"]
[WhiteFideId "738590"]
[BlackFideId "13401653"]
[EventDate "2023.10.01"]

1. e4 c5 2. Nf3 d6 3. Bc4 Nf6 4. d3 Nc6 5. O-O g6 6. c3 Bg7 7. a4 O-O 8. Re1 Bg4
9. h3 Bxf3 10. Qxf3 Ne5 11. Qe2 Nxc4 12. dxc4 Qb6 13. f4 Rfe8 14. Nd2 Nd7 15.
Nf3 Qc6 16. Bd2 Rad8 17. Kh1 e6 18. a5 h6 19. Kh2 Kh7 20. g4 f5 21. exf5 exf5
22. Qg2 fxg4 23. hxg4 Kg8 24. g5 hxg5 25. Nxg5 Qxg2+ 26. Kxg2 Bf6 27. Ne4 Be7
28. Kf3 Rf8 29. Kg3 Nf6 30. Ng5 Nh5+ 31. Kg4 Bxg5 32. Kxg5 d5 33. Re5 dxc4 34.
Be3 Rd3 35. Re1 b6 36. f5 Rd6 37. fxg6 Ng7 38. Bf4 Rdf6 39. R1e4 Rf5+ 40. Kg4
R5f6 41. Kg5 Rc6 42. Kh6 Rcf6 1/2-1/2

[Event "38th ECC Open 2023"]
[Site "Durres ALB"]
[Date "2023.10.03"]
[Round "3.1"]
[Board "2"]
[White "Suleymanli, Aydin"]
[Black "Anand, Viswanathan"]
[Result "1/2-1/2"]
[WhiteTitle "GM"]
[BlackTitle "GM"]
[WhiteElo "2588"]
[BlackElo "2754"]
[WhiteTeam "Vugar Gashimov"]
[BlackTeam "Superchess"]
[WhiteFideId "13413937"]
[BlackFideId "5000017"]
[EventDate "2023.10.01"]

1. e4 e5 2. Nf3 Nc6 3. Bb5 a6 4. Ba4 Nf6 5. O-O Nxe4 6. d4 b5 7. Bb3 d5 8. dxe5
Be6 9. Nbd2 Nc5 10. c3 d4 11. Bxe6 Nxe6 12. cxd4 Ncxd4 13. a4 Nc6 14. Qe2 Be7
15. Qe4 Nb4 16. axb5 O-O 17. bxa6 Nxa6 18. Nc4 Nac5 19. Qxa8 Qxa8 20. Rxa8 Rxa8
21. Be3 Ra4 22. Nfd2 Nd3 23. g3 Ra2 24. Rb1 Bc5 25. Bxc5 Nexc5 26. Kf1 Na4 27.
Ke2 Ndxb2 28. Rc1 Nxc4 29. Rxc4 c5 30. Ke3 Ra3+ 31. Ke2 Ra2 32. Ke3 Ra3+ 33. Ke2
Ra2 34. Ke3 Ra3+ 1/2-1/2

[Event "38th ECC Open 2023"]
[Site "Durres ALB"]
[Date "2023.10.03"]
[Round "3.1"]
[Board "3"]
[White "Deac, Bogdan-Daniel"]
[Black "Asadli, Vugar"]
[Result "1-0"]
[WhiteTitle "GM"]
[BlackTitle "GM"]
[WhiteElo "2701"]
[BlackElo "2563"]
[WhiteTeam "Superchess"]
[BlackTeam "Vugar Gashimov"]
[WhiteFideId "1226380"]
[BlackFideId "13405764"]
[EventDate "2023.10.01"]

1. e4 c5 2. Nf3 Nc6 3. Bb5 e6 4. c3 d5 5. exd5 Qxd5 6. O-O Bd7 7. Re1 Nf6 8. Na3
Be7 9. Bf1 O-O 10. Nc4 Rfd8 11. a4 h6 12. d3 Qf5 13. g3 Be8 14. a5 Nd5 15. Bg2
Bf6 16. Nfd2 Be7 17. Be4 Qf6 18. Nf1 g5 19. Nfe3 Qg7 20. Qe2 Bf8 21. Bg2 Nce7
22. Bd2 Bc6 23. Ng4 Nf6 24. Nge5 Bxg2 25. Kxg2 Ned5 26. h4 gxh4 27. Rh1 b5 28.
axb6 axb6 29. Rxa8 Rxa8 30. Rxh4 h5 31. Ne3 Ne7 32. Qf3 Rd8 33. Rf4 Nfd5 34.
Nxd5 Nxd5 35. Re4 Bd6 36. Nc4 Bc7 37. Rh4 Nf6 38. Qc6 Rd7 39. d4 cxd4 40. cxd4
Qg6 41. Bc3 Qd3 42. Ne3 b5 43. Qa8+ Rd8 44. Qf3 Qg6 45. Qc6 Bd6 46. Ba5 Rd7 47.
d5 e5 48. Qxb5 Kh7 49. Bc3 Rd8 50. Qe2 Be7 51. Rh1 Kg8 52. Qf3 Ng4 53. Nxg4 hxg4
54. Qe2 Rxd5 55. Re1 Bd6 56. Qc4 Rc5 57. Qa4 Qf5 58. Rd1 Bf8 59. Rd8 Rc8 60.
Rxc8 Qxc8 61. Bxe5 Bg7 62. Bxg7 Kxg7 63. Qe4 f5 64. Qd5 Qf8 65. Qb7+ Kh8 66. Qc6
Kg7 67. Qb7+ Kh8 68. Qc7 Qa8+ 69. Kh2 Qa6 70. Qd7 Qa5 71. Qe7 Qd5 72. b4 Kg8 73.
Qe2 Qc6 74. Qb2 Kf7 75. b5 Qb6 76. Kg1 Ke6 77. Qe2+ Kf6 78. Qd3 Qe6 79. Qd4+ Kg6
80. b6 Qe1+ 81. Kh2 Qb1 82. Qd6+ Kh5 83. Qc6 Qf1 84. Qe8+ Kg5 85. Qe3+ Kh5 86.
Qc5 Qb1 87. Qc6 Qf1 88. Qe8+ Kg5 89. Qe3+ Kh5 90. b7 Qb5 91. Qa7 1-0

[Event "38th ECC Open 2023"]
[Site "Durres ALB"]
[Date "2023.10.03"]
[Round "3.1"]
[Board "4"]
[White "Ahmadzada, Ahmad"]
[Black "Van Foreest, Jorden"]
[Result "1/2-1/2"]
[WhiteTitle "IM"]
[BlackTitle "GM"]
[WhiteElo "2494"]
[BlackElo "2707"]
[WhiteTeam "Vugar Gashimov"]
[BlackTeam "Superchess"]
[WhiteFideId "13413007"]
[BlackFideId "1039784"]
[EventDate "2023.10.01"]

1. e4 c6 2. Nf3 d5 3. Nc3 Bg4 4. h3 Bxf3 5. Qxf3 e6 6. Be2 Nf6 7. O-O Be7 8. d4
dxe4 9. Qe3 O-O 10. Nxe4 Nxe4 11. Qxe4 Nd7 12. Qe3 Re8 13. Rd1 Qc7 14. Qb3 a5
15. a4 Bd6 16. g3 e5 17. Bc4 Nb6 18. dxe5 Bxe5 19. Bf1 Nd5 20. Bc4 Nb6 21. Bf1
Nd5 22. Bc4 Nb6 23. Bf1 Nd5 24. Bc4 Nb6 1/2-1/2

[Event "38th ECC Open 2023"]
[Site "Durres ALB"]
[Date "2023.10.03"]
[Round "3.1"]
[Board "5"]
[White "Fedoseev, Vladimir3"]
[Black "Samadov, Read"]
[Result "1/2-1/2"]
[WhiteTitle "GM"]
[BlackTitle "IM"]
[WhiteElo "2691"]
[BlackElo "2492"]
[WhiteTeam "Superchess"]
[BlackTeam "Vugar Gashimov"]
[WhiteFideId "24130737"]
[BlackFideId "13417444"]
[EventDate "2023.10.01"]

1. d4 d5 2. Nf3 Nf6 3. g3 g6 4. c4 c6 5. Qa4 Nfd7 6. cxd5 Nb6 7. Qd1 cxd5 8. a4
Bg7 9. Nc3 O-O 10. Bg2 Nc6 11. O-O Bg4 12. e3 e5 13. h3 Bxf3 14. Qxf3 exd4 15.
exd4 Nxd4 16. Qd1 a5 17. Be3 Qf6 18. g4 Nc4 19. Nxd5 Qe5 20. Re1 Nxb2 21. Qb1
Nc4 22. Bh6 Ne2+ 23. Rxe2 Qxa1 24. Ne7+ Kh8 25. Qxa1 Bxa1 26. Bxf8 Rxf8 27. Bxb7
Ne5 28. Rc2 Rd8 29. Nd5 Bd4 30. Kf1 Kg7 31. f4 Rd7 32. Ba8 Rd8 33. fxe5 Rxa8 34.
Nc7 Rf8 35. Re2 Bb6 36. Nd5 Bc5 37. Nf6 Rd8 38. Rc2 Bd4 39. Rd2 Bb6 40. Rd7 h6
41. Ke2 Kf8 42. Kd3 Bc7 43. Rxd8+ Bxd8 44. Kc4 Be7 45. Nd7+ Ke8 46. Nc5 Bd8 47.
Kd5 Bc7 48. Ne4 Ke7 49. Nd6 Bxd6 50. exd6+ Kd7 51. Ke5 f5 52. gxf5 gxf5 53. Kxf5
Kxd6 54. Kg6 Ke6 55. Kxh6 Kf6 56. Kh5 Kf5 57. Kh4 Kf4 58. Kh5 Kf5 59. h4 Kf6 60.
Kh6 Kf5 1/2-1/2

[Event "38th ECC Open 2023"]
[Site "Durres ALB"]
[Date "2023.10.03"]
[Round "3.1"]
[Board "6"]
[White "Sadikhov, Ulvi"]
[Black "Shevchenko, Kirill"]
[Result "1/2-1/2"]
[WhiteTitle "GM"]
[BlackTitle "GM"]
[WhiteElo "2492"]
[BlackElo "2671"]
[WhiteTeam "Vugar Gashimov"]
[BlackTeam "Superchess"]
[WhiteFideId "13401416"]
[BlackFideId "14129574"]
[EventDate "2023.10.01"]

1. c4 e6 2. g3 d5 3. Bg2 d4 4. Nf3 Nc6 5. O-O Nh6 6. e3 Nf5 7. e4 Nfe7 8. d3 Ng6
9. Na3 e5 10. Bd2 Bc5 11. Nc2 a5 12. a3 a4 13. Nb4 Qd6 14. Nxc6 Qxc6 15. Bb4 O-O
16. Qd2 Ra6 17. Bxc5 Qxc5 18. Qb4 Qa7 19. Qd2 Re8 20. Ne1 Qc5 21. Qb4 Qa5 22.
Nf3 Nf8 23. c5 f6 24. Nd2 Ne6 25. Rfc1 Bd7 26. Qxb7 Bc6 27. Qb4 Qxb4 28. axb4
Rb8 29. Bh3 Ng5 30. Bg4 Rxb4 31. h4 Nf7 32. b3 Nd8 33. Rc4 Rxc4 34. dxc4 Ra8 35.
b4 Be8 36. Nb1 Rb8 37. b5 c6 38. Rxa4 cxb5 39. Rb4 Nb7 40. cxb5 Nxc5 41. Na3
Nxe4 42. b6 Nc3 43. f4 Bf7 44. fxe5 fxe5 45. b7 h5 46. Bc8 Nd5 47. Rb2 Ne7 48.
Bd7 Bd5 49. Rb5 d3 50. Rxd5 Nxd5 51. Be6+ Kf8 52. Bxd5 d2 53. Bf3 Rxb7 54. Bd1
Rc7 55. Nc2 g6 56. Kf2 Rc4 57. Ne3 Rd4 58. Ke2 e4 59. Bc2 Kf7 60. Nf1 Kf6 61.
Nxd2 g5 62. Nxe4+ Rxe4+ 63. Bxe4 gxh4 64. gxh4 Kg7 1/2-1/2

[Event "38th ECC Open 2023"]
[Site "Durres ALB"]
[Date "2023.10.03"]
[Round "3.2"]
[Board "2"]
[White "Sadhwani, Raunak"]
[Black "Stankovic, Milos"]
[Result "1-0"]
[WhiteTitle "GM"]
[BlackTitle "IM"]
[WhiteElo "2641"]
[BlackElo "2464"]
[WhiteTeam "Offerspill Sjakklubb"]
[BlackTeam "SK Zmaj"]
[WhiteFideId "35093487"]
[BlackFideId "938190"]
[EventDate "2023.10.01"]

1. e4 c5 2. Nf3 d6 3. d4 cxd4 4. Nxd4 Nf6 5. Nc3 g6 6. Be3 Nc6 7. f3 h5 8. Bc4
Bd7 9. Bb3 Bg7 10. Nxc6 Bxc6 11. Bd4 O-O 12. Qe2 Qa5 13. O-O-O Rad8 14. Qe1 Rfe8
15. Kb1 Nd7 16. Qg3 Nf8 17. Qf4 Ne6 18. Bxe6 fxe6 19. Qg3 e5 20. Be3 Kf7 21.
Rhf1 Bf6 22. Bg5 Kg7 23. Qh4 Rf8 24. g4 Rh8 25. Rg1 Kf7 26. Bxf6 exf6 27. g5 d5
28. exd5 Bxd5 29. b4 fxg5 30. bxa5 Bxa2+ 31. Kxa2 gxh4 32. Ne4 1-0

[Event "38th ECC Open 2023"]
[Site "Durres ALB"]
[Date "2023.10.03"]
[Round "3.2"]
[Board "3"]
[White "Gagunashvili, Merab"]
[Black "Tari, Aryan"]
[Result "1/2-1/2"]
[WhiteTitle "GM"]
[BlackTitle "GM"]
[WhiteElo "2550"]
[BlackElo "2619"]
[WhiteTeam "SK Zmaj"]
[BlackTeam "Offerspill Sjakklubb"]
[WhiteFideId "13601652"]
[BlackFideId "1510045"]
[EventDate "2023.10.01"]

1. d4 Nf6 2. c4 g6 3. g3 c6 4. Bg2 d5 5. cxd5 cxd5 6. Nf3 Bg7 7. Nc3 O-O 8. Ne5
Nc6 9. O-O Bf5 10. Nxc6 bxc6 11. Bf4 Nh5 12. Be3 c5 13. Nxd5 e6 14. Nf4 cxd4 15.
Nxh5 gxh5 16. Bxa8 Qxa8 17. Bd2 Bh3 18. f3 Bxf1 19. Kxf1 h4 20. Kg2 hxg3 21.
hxg3 Qd5 22. Qb3 d3 23. Qxd5 exd5 24. exd3 Rb8 25. Rb1 Rxb2 26. Rxb2 Bxb2 27. g4
Kg7 28. Kg3 Kg6 29. Bf4 a6 30. Bc7 f6 31. Bb6 h5 32. Kh4 hxg4 33. fxg4 f5 34.
Kg3 fxg4 35. Kxg4 1/2-1/2

[Event "38th ECC Open 2023"]
[Site "Durres ALB"]
[Date "2023.10.03"]
[Round "3.2"]
[Board "4"]
[White "Pranav, V"]
[Black "Krstulovic, Alex"]
[Result "1-0"]
[WhiteTitle "GM"]
[BlackTitle "IM"]
[WhiteElo "2579"]
[BlackElo "2433"]
[WhiteTeam "Offerspill Sjakklubb"]
[BlackTeam "SK Zmaj"]
[WhiteFideId "25060783"]
[BlackFideId "760056"]
[EventDate "2023.10.01"]

1. e4 e6 2. d4 d5 3. Nc3 Nf6 4. e5 Nfd7 5. f4 c5 6. Nf3 Nc6 7. Be3 Qb6 8. Na4
Qa5+ 9. c3 b6 10. Bd2 c4 11. b4 Nxb4 12. cxb4 Bxb4 13. Qc2 Bxd2+ 14. Nxd2 b5 15.
Nc3 b4 16. Ne2 Nb8 17. h4 Nc6 18. Kf2 Qb6 19. Nf3 f6 20. exf6 gxf6 21. Qd2 e5
22. fxe5 fxe5 23. Qg5 Rf8 24. Qh5+ Rf7 25. Nf4 Kf8 26. Nxd5 Qxd4+ 27. Ne3 Qb2+
28. Be2 Nd4 29. Rae1 Be6 30. Qxe5 Re8 31. Nd1 Qd2 32. Kg3 Nxf3 33. Bxf3 Kg8 34.
Ne3 Rg7+ 35. Kh2 Bf7 36. Qf4 c3 37. Re2 Qd8 38. Rd1 Qb6 39. Nf5 Rxe2 40. Bxe2 c2
41. Rf1 1-0

[Event "38th ECC Open 2023"]
[Site "Durres ALB"]
[Date "2023.10.03"]
[Round "3.2"]
[Board "5"]
[White "Pezelj, Novak"]
[Black "Christiansen, Johan-Sebastian"]
[Result "0-1"]
[WhiteTitle "IM"]
[BlackTitle "GM"]
[WhiteElo "2476"]
[BlackElo "2606"]
[WhiteTeam "SK Zmaj"]
[BlackTeam "Offerspill Sjakklubb"]
[WhiteFideId "927570"]
[BlackFideId "1512668"]
[EventDate "2023.10.01"]

1. c4 e5 2. Nc3 Bb4 3. Nd5 a5 4. a3 Bc5 5. e3 Nf6 6. d4 Nxd5 7. dxc5 Nf6 8. Rb1
Qe7 9. b4 axb4 10. axb4 b6 11. cxb6 cxb6 12. Nf3 Bb7 13. Be2 Be4 14. Rb3 Ra2 15.
Bb2 Nc6 16. O-O O-O 17. Nd2 Bf5 18. Nb1 Nxb4 19. Qd2 Nc6 20. Rxb6 Ne4 21. Qc1
Rc8 22. f3 Nc5 23. Nc3 Ra7 24. Ba3 Rca8 25. Nd5 Qf8 26. Bxc5 Qxc5 27. Rb5 Qa3
28. Nb6 Qxc1 29. Rxc1 Ra1 30. Rxa1 Rxa1+ 31. Kf2 Ra2 32. Ke1 Be6 33. Rb1 Kf8 34.
Rd1 Ke7 35. Rd2 Ra1+ 36. Kf2 Kd8 37. Bd3 f5 38. g4 g6 39. gxf5 gxf5 40. Bf1 Ra3
41. Nd5 h6 42. Be2 Ne7 43. Nb4 Rc3 44. Rc2 Rb3 45. Nd3 Nc6 46. f4 e4 47. Nc5 Ra3
48. Nxe6+ dxe6 49. Rb2 Kc7 50. Rb1 Ra2 51. Rb5 Kd6 52. Rb6 Kc7 53. Rb5 Ra4 54.
h4 Kd6 55. Rb6 Rb4 56. Ra6 Rb2 57. Kf1 Rb8 58. Kf2 Kc5 59. Kf1 Kd6 60. Kf2 Kc7
61. Kf1 Rb7 62. Ra8 Rb8 63. Ra6 Rb1+ 64. Kf2 Kb7 65. Ra2 Nb4 66. Rd2 Kc7 67. Kg2
Rc1 68. Kf2 Rc3 69. c5 Rxc5 70. Rd4 Nc2 71. Rc4 Rxc4 72. Bxc4 Kd6 73. Ba6 Nb4
74. Bc4 Nd5 75. Bb3 Kc5 76. Ba4 Kc4 77. Bd7 Kd3 78. Bxe6 Nxe3 79. Kg3 Kd2 80.
Bd7 Nf1+ 0-1

[Event "38th ECC Open 2023"]
[Site "Durres ALB"]
[Date "2023.10.03"]
[Round "3.2"]
[Board "6"]
[White "Haldorsen, Benjamin"]
[Black "Sukovic, Andrej"]
[Result "1-0"]
[WhiteTitle "IM"]
[BlackTitle "FM"]
[WhiteElo "2454"]
[BlackElo "2380"]
[WhiteTeam "Offerspill Sjakklubb"]
[BlackTeam "SK Zmaj"]
[WhiteFideId "1512633"]
[BlackFideId "16502310"]
[EventDate "2023.10.01"]

1. e4 e6 2. d4 d5 3. Nc3 Bb4 4. e5 c5 5. Bd2 Ne7 6. Nb5 Bxd2+ 7. Qxd2 O-O 8. f4
cxd4 9. Nf3 Nbc6 10. Bd3 a6 11. Nbxd4 Nxd4 12. Nxd4 Nc6 13. Nf3 Qa5 14. a3 Qxd2+
15. Kxd2 Bd7 16. h4 f6 17. Rhf1 Rf7 18. Rae1 Raf8 19. g3 Re7 20. c3 Be8 21. Nd4
Nxd4 22. cxd4 Bg6 23. exf6 Rxf6 24. Bxg6 Rxg6 25. Re3 Kf7 26. Rc1 h6 27. Ke2 Rf6
28. Re5 Ke8 29. Rc8+ Kd7 30. Rg8 Kc6 31. Re3 Kb5 32. Rb3+ Ka5 33. Rc3 Ka4 34.
Kf3 Rff7 35. Re3 Rc7 36. Rxe6 Kb3 37. Rb6+ Kc4 38. Rb4+ Kd3 39. Rd8 g5 40. Rxd5
gxf4 41. gxf4 Rc1 42. f5 Rh1 43. Kg4 h5+ 44. Kxh5 Rg1 45. Rb6 Ke4 46. Rc5 Kxd4
47. b4 Ke4 48. Re6+ Kf4 49. Rg6 Rh7+ 50. Rh6 Rf7 51. f6 Rg8 52. Rg5 Rgf8 53. Rg1
Rd7 54. Rf1+ Ke5 55. Kg5 Rd3 56. Re1+ Kd5 57. Re7 Rg3+ 58. Kf4 Rxa3 59. f7 Ra1
60. Rf6 Rf1+ 61. Kg5 Rg1+ 62. Kf5 Rh8 63. Re5+ 1-0

[Event "38th ECC Open 2023"]
[Site "Durres ALB"]
[Date "2023.10.03"]
[Round "3.3"]
[Board "2"]
[White "Grandelius, Nils"]
[Black "Kobo, Ori"]
[Result "1-0"]
[WhiteTitle "GM"]
[BlackTitle "GM"]
[WhiteElo "2689"]
[BlackElo "2551"]
[WhiteTeam "Novy Bor"]
[BlackTeam "Beer Sheva Chess Club"]
[WhiteFideId "1710400"]
[BlackFideId "2812320"]
[EventDate "2023.10.01"]

1. e4 e6 2. d4 d5 3. Nc3 Nf6 4. e5 Nfd7 5. Nce2 c5 6. c3 Nc6 7. f4 Qb6 8. Nf3 f6
9. h4 Be7 10. Rh3 O-O 11. a3 cxd4 12. cxd4 Na5 13. Ra2 Qb3 14. Qxb3 Nxb3 15. Be3
Nb6 16. Nd2 Nxd2 17. Bxd2 Bd7 18. b3 Rac8 19. a4 Be8 20. h5 Nd7 21. g4 Nb8 22.
exf6 Bxf6 23. Bc3 Be7 24. Rf3 g5 25. Bd2 Nc6 26. Rc2 Bd7 27. Bg2 gxf4 28. Rxf4
Bh4+ 29. Kd1 Bf2 30. Rxf8+ Rxf8 31. Rc3 Nxd4 32. Rc7 Rf7 33. Rxb7 Nxb3 34. Bh6
Bc5 35. g5 Bxa4 36. Rb8+ Bf8 37. Nc3 Bd7 38. g6 hxg6 39. hxg6 Rg7 40. Bxg7 Kxg7
41. Rxb3 Kxg6 42. Rb7 1-0

[Event "38th ECC Open 2023"]
[Site "Durres ALB"]
[Date "2023.10.03"]
[Round "3.3"]
[Board "3"]
[White "Steinberg, Nitzan"]
[Black "Navara, David"]
[Result "1/2-1/2"]
[WhiteTitle "GM"]
[BlackTitle "GM"]
[WhiteElo "2543"]
[BlackElo "2689"]
[WhiteTeam "Beer Sheva Chess Club"]
[BlackTeam "Novy Bor"]
[WhiteFideId "2801795"]
[BlackFideId "309095"]
[EventDate "2023.10.01"]

1. e4 c5 2. Nf3 d6 3. d4 cxd4 4. Qxd4 Nf6 5. Nc3 Nc6 6. Qd3 a6 7. Be2 g6 8. O-O
Bg7 9. Nd5 O-O 10. c3 Re8 11. Bg5 Nxd5 12. exd5 Ne5 13. Nxe5 Bxe5 14. a4 Bd7 15.
Qc2 b5 16. axb5 axb5 17. Qb3 Qb8 18. Bd3 Ra4 19. Rae1 b4 20. c4 Ra8 21. Bd2 Ba4
22. Qxb4 Qxb4 23. Bxb4 Bxb2 24. Re2 Bf6 25. Rb1 Reb8 26. Ra2 Bd4 27. h3 Kg7 28.
Ra3 h5 29. Kf1 Bd7 30. Rab3 Ba4 31. Ra3 Ra7 32. Bc3 Rxb1+ 33. Bxb1 Bxc3 34. Rxc3
h4 35. Ra3 Ra6 36. Bd3 Bb5 37. Rxa6 Bxa6 38. Ke2 Bb7 39. Ke3 Kf6 40. Be4 Ke5 41.
f4+ Kf6 42. Bf3 Ba6 43. Be2 g5 44. Bd3 e5 45. dxe6 fxe6 46. Be2 Bb7 47. Bf3 Ba6
48. Be2 e5 49. fxg5+ Kxg5 50. Bd3 Kf6 51. Be2 Ke6 52. Kf3 Ke7 53. Ke4 Kd7 54.
Kf5 Kc6 55. Kg5 Kc5 56. Bd1 e4 57. Kxh4 e3 58. Kg3 Kd4 59. h4 Bxc4 60. Kf3 Bd5+
61. Kf4 Bc4 62. Kf3 Bd5+ 63. Kf4 Bxg2 64. Be2 Be4 65. h5 d5 66. h6 Bh7 67. Bf1
Bd3 68. Be2 Bh7 69. Bf1 Be4 70. Be2 Bd3 71. Kf3 Bg6 72. Kf4 Be4 73. Bf1 Bd3 74.
Be2 Bc2 1/2-1/2

[Event "38th ECC Open 2023"]
[Site "Durres ALB"]
[Date "2023.10.03"]
[Round "3.3"]
[Board "4"]
[White "Nguyen, Thai Dai Van"]
[Black "Greenfeld, Alon"]
[Result "1-0"]
[WhiteTitle "GM"]
[BlackTitle "GM"]
[WhiteElo "2618"]
[BlackElo "2455"]
[WhiteTeam "Novy Bor"]
[BlackTeam "Beer Sheva Chess Club"]
[WhiteFideId "358878"]
[BlackFideId "2800039"]
[EventDate "2023.10.01"]

1. e4 c5 2. Nf3 d6 3. d4 cxd4 4. Nxd4 Nf6 5. Nc3 Nc6 6. Bg5 e6 7. Qd2 a6 8.
O-O-O Bd7 9. Kb1 Be7 10. Nxc6 Bxc6 11. f3 Rc8 12. h4 h6 13. Be3 d5 14. e5 Nd7
15. Qe1 Qc7 16. f4 h5 17. Rc1 g6 18. Rh3 Nc5 19. Qd1 Qd8 20. g3 Qa5 21. g4 d4
22. Bxd4 Rd8 23. gxh5 Rxh5 24. Be2 Rf5 25. h5 gxh5 26. Rxh5 Rxh5 27. Bxh5 Bf8
28. Qg1 Rd7 29. f5 exf5 30. Bxc5 Qxc5 31. e6 Rd4 32. Qg5 1-0

[Event "38th ECC Open 2023"]
[Site "Durres ALB"]
[Date "2023.10.03"]
[Round "3.3"]
[Board "5"]
[White "Postny, Evgeny"]
[Black "Anton Guijarro, David"]
[Result "0-1"]
[WhiteTitle "GM"]
[BlackTitle "GM"]
[WhiteElo "2568"]
[BlackElo "2653"]
[WhiteTeam "Beer Sheva Chess Club"]
[BlackTeam "Novy Bor"]
[WhiteFideId "2804344"]
[BlackFideId "2285525"]
[EventDate "2023.10.01"]

1. d4 d5 2. c4 e6 3. Nf3 dxc4 4. e3 Nf6 5. Bxc4 c5 6. O-O Nc6 7. Nc3 a6 8. a4
Be7 9. dxc5 Qxd1 10. Rxd1 Bxc5 11. Nd2 Bb4 12. Na2 Be7 13. Be2 e5 14. b3 O-O 15.
Bb2 Bf5 16. Rac1 Rfd8 17. Nc4 Rxd1+ 18. Bxd1 Nd7 19. Be2 Be6 20. Bf3 f6 21. Bxc6
bxc6 22. Na5 Nc5 23. Nxc6 Bf8 24. Na5 Nxb3 25. Nxb3 Bxb3 26. Nc3 Rd8 27. Kf1 Bb4
28. Ke2 h5 29. Ba1 a5 30. Ne4 Bxa4 31. Bc3 Bb5+ 32. Ke1 Be8 33. Bxb4 axb4 34.
Rb1 Rb8 35. Nc5 Bg6 36. Rb2 Rb5 37. Na6 b3 38. Kd2 Be4 39. Kc3 Bxg2 40. Nb4 Bd5
41. Nxd5 Rxd5 42. Rxb3 Rd1 43. Rb4 Kf7 44. f4 exf4 45. Rxf4 g5 46. Rf2 Ke6 47.
Kc2 Rd6 0-1